<Die> Unternehmensumwelt als Einflussfaktor auf die Unternehmensführung am Beispiel der Versicherungswirtschaft

Faktory podnikového prostredia, ktoré ovplyvňujú riadenie podniku. Na príklade poistného priemyslu analýza jednotlivých faktorov a hodnotenie ich významnosti. V súčasnosti sú najvplyvnejšími faktormi pre poisťovacie spoločnosti technologické a spoločenské zmeny, ktoré prináša digitalizácia. Nové tec...

Full description

Saved in:
Bibliographic Details
Main Author: Gerwald, Frank, 1968-
Other Authors: Dorčák, Peter, 1979-, Markovič, Peter, 1974-
Format: Book Chapter
Language:German
Subjects:
Tags: Add Tag
No Tags, Be the first to tag this record!

MARC

LEADER 00000naa a2200000 4500
001 0272911
005 20240502074313.7
041 0 |a ger 
044 |a SK 
245 1 0 |a <Die> Unternehmensumwelt als Einflussfaktor auf die Unternehmensführung am Beispiel der Versicherungswirtschaft  |c Frank Gerwald, Peter Dorčák, Peter Markovič 
520 |a Faktory podnikového prostredia, ktoré ovplyvňujú riadenie podniku. Na príklade poistného priemyslu analýza jednotlivých faktorov a hodnotenie ich významnosti. V súčasnosti sú najvplyvnejšími faktormi pre poisťovacie spoločnosti technologické a spoločenské zmeny, ktoré prináša digitalizácia. Nové technológie a zmeny spotrebiteľských návykov znamenajú, že poisťovacie spoločnosti sú pod čoraz väčším tlakom na zmeny. Aj keď sú faktory priradené k rôznym oblastiam, nesmie sa na ne pozerať izolovane. 
610 2 0 |a prostredie podnikové 
610 2 0 |a riadenie podnikové 
610 2 0 |a poisťovníctvo 
610 2 0 |a digitalizácia 
610 2 0 |a zmeny technologické 
610 2 0 |a prostredie životné 
100 1 |a Gerwald, Frank, 1968- 
700 1 |a Dorčák, Peter, 1979- 
700 1 |a Markovič, Peter, 1974-